000 00451nam a2200121Ia 4500
008 220620s9999||||xx |||||||||||||| ||und||
100 _aDunstan, Helen
245 0 _aConflicting Counsels to Confuse the Age
_bA Documentary Study of Political Economy in Qing China, 1644–1840
546 _aEnglish[eng]
650 _aSociology and anthropology
856 _uhttps://library.oapen.org/bitstream/20.500.12657/41840/1/9780472901463.pdf
942 _cEB
999 _c25990
_d25990